00425nam a2200145Ia 4500003000900000008004100009020001800050040001600068080001200084100002000096245009700116260004000213300001000253650001600263IN-BaIIA211028s9999 xx 000 0 eng d a81-7371-366-9 cIIA Library a51bBAN aBanks, Robert B 0aSlicing pizzas, racing turtles and future adventures in applied mathematicscRobert B. Banks aHyderabadbUniversities Pressc2001 a286p. aMathematics